| 000 | 00793nam a2200205 i 4500 | ||
|---|---|---|---|
| 001 | 167882 | ||
| 003 | ES-MaACL | ||
| 005 | 20230906213621.0 | ||
| 008 | 021011s1867 fr af |||| | fre d | ||
| 040 |
_aCCPB | B _bspa _cCCPB | B |
||
| 100 | 1 |
_aWecker, L. de ( _d1832-1904) _9133892 |
|
| 245 | 1 | 0 |
_aTraité théorique et pratique des maladies des yeux / _cpar L. Wecker. |
| 250 | _a2e éd. rev., corr. et augm. dans la texte. | ||
| 260 |
_aParis : _bAdrien Delahaye, libraire-éditeur, _c1867 ( _fimprimerie de E. Martinet) |
||
| 300 |
_av. : _bil. ; _c23 cm. |
||
| 596 | _aEl t. II editado en 1868. | ||
| 597 | _aT. I (936 p., VI h. de grab.) -- t. II (1091 p., [3] h. de lám., [1] h. pleg.) | ||
| 650 | 4 |
_aOjos- _xEnfermedades. _9139434 |
|
| 852 |
_aES-MaACL _jG-13826-27 _z-- Enc. hol. |
||
| 999 |
_c167882 _d167882 |
||